| 000 | 01358cam a2200229 4500 | ||
|---|---|---|---|
| 001 | WB@3612-391 | ||
| 008 | 041209n2004 000 0 eng u | ||
| 035 | _a(Sirsi) u128255 | ||
| 245 | _aHousing statistics 2004 | ||
| 260 | _c2004 | ||
| 490 |
_aODPM News Release _v(2004/0304) 9 December 2004 (2) |
||
| 520 | _aThe annual ODPM compendium of statistics has just been published. "Housing statistics 2004" covers all aspects of housing. It includes statistics that show that over 143 000 new dwellings were completed in England during the financial year ending 31 March 2004. The number of flats built as a proportion of all new properties increased from 20% in 2000/01 to 34% in 2003/04. Other results are that on average, general housing expenditure (including rents and mortgage payments but excluding capital payments other than those under repayment mortgage) accounted for 16% household disposable income. The report is available to download from: http://www.odpm.gov.uk/stellent/groups/odpm_contro l/documents/contentservertemplate/odpm_index.hcst? n=1640&l=3. http://www.odpm.gov.uk/pns/displaypn.cgi?pn_id=200 4_0304 | ||
| 590 | _aWB | ||
| 590 | _aWB | ||
| 650 | _aHOUSING STATISTICS | ||
| 650 | _aNEW DWELLINGS | ||
| 650 | _aHOUSEHOLDS | ||
| 650 | _aMORTGAGES | ||
| 650 | _aHOUSEHOLD EXPENDITURE | ||
| 690 | _aHOUSING | ||
| 942 | _n0 | ||
| 999 |
_c118421 _d118421 |
||